| 000 | 00631nam a2200181Ia 4500 | ||
|---|---|---|---|
| 003 | GCL | ||
| 008 | 140319s9999 xx 000 0 ara d | ||
| 040 |
_aGCL / _cGCL |
||
| 082 | 0 | 4 |
_a910.02 _bح.ج |
| 100 | 1 | _aحسين سيد احمد ابو العينين | |
| 245 | 1 | 0 |
_aجغرافيا البحار والمحيطات, ط 8 / _cحسين سيد احمد ابو العينين |
| 260 |
_a[S.N] : _bمؤسسة الثقافةالجامعية للطبع والنشر ، _c1989 |
||
| 300 | _a677 ص | ||
| 490 | _a | ||
| 650 | 0 | 4 | _aالجغرافيا الطبيعية |
| 650 | 0 | 4 | _aالبحار والمحيطات |
| 942 |
_2ddc _cBK |
||
| 999 |
_c50759 _d50759 |
||